[Event "HUN KO-ch Men 2019"]
[Site "Budapest"]
[Date "2019.12.17"]
[Round "3.4"]
[White "Erdos, Viktor"]
[Black "Almasi, Zoltan"]
[Result "0-1"]
[WhiteElo "2609"]
[BlackElo "2691"]
[Annotator "TA"]
[PlyCount "66"]
[EventDate "2019.12.10"]
[EventType "k.o."]
[EventCountry "HUN"]
[SourceTitle "playchess.com"]
[Source "ChessBase"]
[SourceQuality "1"]

{[%evp 10,66,23,20,39,35,94,95,102,103,161,159,156,146,154,100,102,107,109,97,92,72,77,77,139,153,151,161,160,165,183,76,62,67,51,35,35,33,25,36,39,0,0,0,85,9,66,-236,69,-110,15,17,14,-179,-175,-167,0,-145,-13]} 1. d4 Nf6 2. Nc3 g6 3. e4 d6 4. f4 Bg7 5. a3 O-O 6. Nf3 c6 {B09: Pirc Defence: Austrian Attack} (6... Bg4 7. Be2 Bxf3 8. Bxf3 e5 9. fxe5 dxe5 10. d5 c6 11. dxc6 Nxc6 12. Qxd8 Rfxd8 13. Bg5 Nd4 14. O-O-O {0-1 (52) Anand,V (2776)-Nepomniachtchi,I (2751) Moscow 2018}) 7. Bd3 Bg4 (7... Qb6 $14) 8. h3 $16 Bxf3 {White is better.} 9. Qxf3 e5 (9... Ne8 $16 {was called for.}) 10. dxe5 $18 (10. fxe5 $6 dxe5 11. d5 (11. dxe5 Nfd7 $11) 11... cxd5 $11) 10... dxe5 11. f5 $1 (11. fxe5 $6 Nfd7 $11) 11... Nh5 12. g3 $146 (12. h4 $142) ({Predecessor:} 12. O-O Nd7 13. g3 b5 {1-0 (50) Huber,B (1941)-Schmidt,H (2000) Bayern 2016}) 12... Nd7 13. Be3 b5 14. O-O Qe7 15. Qf2 Bf6 16. Be2 Ng7 ({Black should try} 16... Bg5) 17. Rad1 $16 a5 18. Bxb5 {[%mdl 64] Deflection} cxb5 19. Nd5 Qe8 20. Nc7 (20. fxg6 $1 $18 {is the precise move to win. aiming for Qxf6!} fxg6 21. Nc7 {[%mdl 64] Double Attack}) 20... Qe7 21. Nxa8 Rxa8 22. fxg6 hxg6 {[#]} 23. Rxd7 $1 {[%mdl 576] Remove Defender} Qxd7 24. Qxf6 Nh5 25. Qxe5 {Bd4 is the strong threat.} Re8 $36 {[%mdl 2048] Black has some pressure.} 26. Qg5 Qxh3 (26... Rxe4 $11 27. g4 Ng7) 27. Bf2 (27. Rf3 $16) 27... Rxe4 ({Black should play} 27... b4 $11) 28. Rd1 $2 {[%mdl 8192] [#]} (28. Qxb5 $14 Qg4 29. Re1) 28... Kg7 $2 ({Worse is} 28... Re2 29. Qh6 $1 $11 {[%mdl 512]}) (28... Nxg3 $1 $19 {[%mdl 512] ( -> ...Qh1#)} 29. Bxg3 (29. Qxg3 $2 Rg4 $19 {[%mdl 64] Pin}) 29... Rg4 {[%mdl 64] Double Attack} 30. Qd8+ Kg7) 29. Rd3 $2 {[#]} (29. Rd8 $1 $14 {stays ahead.}) 29... Qe6 ({Not} 29... Re2 $2 30. g4 $18) ({Better is} 29... Nf6 $1 $17 {[%cal Rf6g4] Strongly threatening ...Ng4.} 30. Rd6 Ng4) 30. Qxb5 $11 Re1+ 31. Kh2 $2 {[#]} (31. Kg2 $11 {and White has nothing to worry.} Qe4+ 32. Rf3) 31... Qe2 $1 $19 {[%csl LRc2,LRf2][%cal Re2f2][%mdl 1536] Black has strong compensation.} 32. Qc5 {Hoping for Qc3+.} Rf1 $2 (32... Nf6 $19 33. g4 Nxg4+ 34. Kg3 Rf1 35. Qd4+ Ne5) 33. Qd4+ (33. Kg2 $1 $11 {was the only way to keep the balance.}) 33... Kh7 {[%mdl 32768] Accuracy: White = 41%, Black = 32%. . Sensor Board Error (Ke4/e5)?} (33... Nf6 $17 34. Kg2 Re1) 0-1

[Event "HUN KO-ch Men 2019"]
[Site "Budapest"]
[Date "2019.12.22"]
[Round "4.1"]
[White "Almasi, Zoltan"]
[Black "Banusz, Tamas"]
[Result "1-0"]
[WhiteElo "2691"]
[BlackElo "2621"]
[Annotator "TA"]
[PlyCount "46"]
[EventDate "2019.12.10"]
[EventType "k.o."]
[EventCountry "HUN"]
[SourceTitle "playchess.com"]
[Source "ChessBase"]
[SourceQuality "1"]

{[%evp 9,46,21,13,14,18,16,37,24,16,14,14,12,16,8,13,10,9,25,20,0,27,21,27,10,27,2,27,-8,-17,-56,-52,-59,8,0,160,176,159,163,29990]} 1. e4 e5 2. Nf3 Nf6 3. Nxe5 d6 4. Nf3 Nxe4 5. Bd3 Nf6 6. O-O {C42: Petroff Defence: 3 Nxe5 and unusual White 3rd moves} Be7 7. c3 Bg4 (7... O-O 8. Bc2 c5 9. d4 Be6 10. Re1 Re8 11. Bg5 Nbd7 12. Nbd2 Qb6 13. dxc5 dxc5 {½-½ (54) Shankland,S (2725)-Mamedyarov,S (2817) Wijk aan Zee 2019}) 8. Bc2 {White is slightly better.} O-O 9. d4 Re8 10. h3 Bh5 11. Re1 Nbd7 12. Bf4 c6 $146 ({Predecessor:} 12... d5 13. Nbd2 Nf8 {½-½ (54) Dai,C (2437)-Lin,Y (2364) Sanya 2017}) 13. Nbd2 Nf8 14. Bh2 Ne6 15. Qb1 Bf8 16. Nh4 Nd5 17. Bxh7+ Kh8 18. Ndf3 g5 $1 {[%cal Rg5h4]} 19. Ng6+ fxg6 20. Bxg6 Bxf3 (20... Bxg6 $15 21. Qxg6 Qf6) 21. Bxe8 $11 Nef4 $2 {[#]} (21... Qxe8 $11 22. Qf5 Bh5 23. Rxe6 Qf7 24. Qxf7 Bxf7) 22. Bxf4 $16 Nxf4 23. Qf5 Bxg2 $2 {Accuracy: White = 51%, Black = 45%.} (23... Be7 $18) 1-0

[Event "HUN KO-ch Men 2019"]
[Site "Budapest"]
[Date "2019.12.19"]
[Round "4.1"]
[White "Banusz, Tamas"]
[Black "Almasi, Zoltan"]
[Result "1/2-1/2"]
[WhiteElo "2621"]
[BlackElo "2691"]
[Annotator "TA"]
[PlyCount "88"]
[EventDate "2019.12.10"]
[EventType "k.o."]
[EventCountry "HUN"]
[SourceTitle "playchess.com"]
[Source "ChessBase"]
[SourceQuality "1"]

{[%evp 11,88,0,3,0,2,10,10,0,4,8,12,10,5,6,14,0,0,0,45,47,33,33,50,19,36,35,38,0,19,10,21,12,22,22,36,45,33,33,33,41,41,41,202,194,179,8,17,17,20,20,15,13,22,18,16,25,14,12,12,18,14,21,16,16,8,0,0,-14,0,-18,-38,-29,-16,0,0,-30,0,0,0]} 1. d4 Nf6 2. g3 d5 3. Nf3 c6 4. Bg2 Bf5 5. c4 e6 6. Nc3 Nbd7 7. Qb3 {D11: Slav Defence: 3 Nf3 sidelines and 3...Nf6 4 e3 Bg4} Qb6 8. c5 Qxb3 9. axb3 a6 10. b4 Rc8 11. Bf4 h6 12. h4 Be7 $146 (12... Ne4 13. Nd2 Nxd2 14. Kxd2 Be7 {1-0 (68) Berkes,F (2678)-Lodici,L (2463) Brixen Bressanone 2019}) 13. Nd2 Nh5 14. Be3 e5 15. dxe5 Nxe5 16. Bd4 Bf6 17. Nb3 O-O 18. O-O-O Rfe8 19. Rhg1 Bg4 20. f3 Bd7 21. Bh1 Nc4 22. e4 Be6 23. exd5 Bxd5 24. Nxd5 cxd5 25. f4 b6 26. Bxd5 Ne3 $2 (26... bxc5 $1 $14 27. bxc5 Ne3 28. Bxe3 Rxe3) 27. Bxe3 $1 $18 Rxe3 {[#]} 28. Rde1 $2 (28. Kd2 $1 $18 {[%cal Rd2e3]} Rce8 29. cxb6) 28... Rxe1+ 29. Rxe1 Nxg3 30. Bb7 Rc7 31. Bxa6 Bxh4 32. Re8+ Kh7 33. Rb8 bxc5 34. b5 {[%cal Bb4b5,Bb5b6,Bb6b7][%mdl 32]} ({Don't play} 34. Nxc5 Be7 $15) 34... Ne2+ 35. Kb1 {[#] Black must now prevent b6!} Bg3 ({But not} 35... Nxf4 $2 36. b6 $18) 36. b6 Re7 37. b7 Bxf4 38. Rc8 h5 39. Rxc5 g6 40. Rc2 Ng3 41. Rf2 Bc7 42. Rc2 {Hoping for Rxc7!} Bf4 43. Rf2 Bc7 44. Rc2 {Rxc7! is the strong threat.} Bf4 {Accuracy: White = 65%, Black = 59%.} 1/2-1/2

[Event "HUN KO-ch Men 2019"]
[Site "Budapest"]
[Date "2019.12.20"]
[Round "4.2"]
[White "Almasi, Zoltan"]
[Black "Banusz, Tamas"]
[Result "1/2-1/2"]
[WhiteElo "2691"]
[BlackElo "2621"]
[Annotator "TA"]
[PlyCount "89"]
[EventDate "2019.12.10"]
[EventType "k.o."]
[EventCountry "HUN"]
[SourceTitle "playchess.com"]
[Source "ChessBase"]
[SourceQuality "1"]

{[%evp 9,89,20,18,16,21,13,41,0,8,6,29,22,37,17,10,14,14,9,12,9,12,9,14,8,10,4,10,0,32,0,0,-3,-8,0,6,0,9,0,7,8,9,8,21,6,25,29,22,23,41,51,37,0,16,5,31,7,27,19,19,20,31,0,0,0,0,0,0,0,0,0,0,0,0,-8,0,0,0,-5,-4,-54,0,0]} 1. e4 e5 2. Nf3 Nf6 3. Nxe5 d6 4. Nf3 Nxe4 5. Bd3 Nf6 6. O-O {C42: Petroff Defence: 3 Nxe5 and unusual White 3rd moves} Be7 7. c3 O-O 8. h3 {White is slightly better.} (8. Bc2 Bg4 9. d4 Re8 10. Bf4 d5 11. Nbd2 Bd6 12. Bg5 Nbd7 13. Qb1 h6 {½-½ (54) Aronian,L (2765)-Mamedyarov,S (2764) Saint Louis 2019}) 8... d5 9. Bc2 Ne4 10. d3 Nd6 11. d4 c6 $146 ({Predecessor:} 11... Nd7 12. Ne5 Nxe5 13. dxe5 Nc4 14. Qh5 g6 15. Qe2 Re8 {1-0 (41) Okhotnik,V (2470)-Asanov,T (2392) Cannes 2006}) 12. Bf4 Bf5 13. Nbd2 Bxc2 14. Qxc2 Na6 15. Rfe1 Nc7 16. Re2 Re8 17. Rae1 Bf8 18. Ne5 (18. Qb3 {seems wilder.} Rxe2 19. Rxe2 Qc8 20. Bh2 Ne6 21. Nf1) 18... Qc8 19. Qb3 f6 20. Nef3 Rxe2 21. Rxe2 b5 22. Qc2 Qd7 23. Nb3 Re8 24. Nc5 Rxe2 25. Qxe2 (25. Nxd7 $2 {is the wrong capture.} Rxc2 26. Nxf8 Ne4 $19) 25... Qf5 26. Bg3 g6 27. Ne1 Nde8 28. Ned3 Bxc5 29. Nxc5 Kf7 30. f3 Ne6 31. Nd3 Nd8 32. Kh2 Nb7 33. a4 a5 34. axb5 cxb5 35. b3 Qc8 36. Nf4 Qc6 37. c4 bxc4 38. bxc4 dxc4 39. d5 Qc8 40. Ne6 c3 41. Nd4 Nbd6 42. Nc6 Nf5 {Strongly threatening ...Qd7.} 43. Qc4 {[#] And now Ne5+! would win.} Qd7 {Black wants to play ...Ne3.} 44. Qxc3 Qxd5 (44... a4 $15 45. Nb4 Nxg3 46. Kxg3 Qc7+ 47. Qxc7+ Nxc7) 45. Nxa5 {Accuracy: White = 42%, Black = 57%.} 1/2-1/2

[Event "HUN KO-ch Men 2019"]
[Site "Budapest"]
[Date "2019.12.21"]
[Round "4.3"]
[White "Banusz, Tamas"]
[Black "Almasi, Zoltan"]
[Result "1/2-1/2"]
[WhiteElo "2621"]
[BlackElo "2691"]
[Annotator "TA"]
[PlyCount "63"]
[EventDate "2019.12.10"]
[EventType "k.o."]
[EventCountry "HUN"]
[SourceTitle "playchess.com"]
[Source "ChessBase"]
[SourceQuality "1"]

{[%evp 16,63,28,27,27,27,38,46,40,24,30,26,29,10,20,14,32,27,31,12,27,12,13,13,17,14,14,0,0,0,26,29,36,36,39,36,59,0,0,0,0,0,27,0,0,0,0,0,0,0]} 1. Nf3 Nf6 2. g3 c5 3. Bg2 g6 4. O-O Bg7 5. c4 Nc6 6. d4 cxd4 7. Nxd4 O-O 8. Nc3 Qa5 9. e3 d6 {A39: Symmetrical English vs ...g6: 4 Bg2 Bg7 5 Nf3 Nf6 6 0-0 0-0 7 d4} 10. Bd2 (10. h3 Bd7 11. Qe2 Rfc8 12. Rd1 a6 13. Bd2 Qd8 14. Rac1 Rab8 15. Nxc6 Bxc6 16. e4 Nd7 17. Bg5 h6 18. Be3 {½-½ (41) Ding,L (2778)-Bacrot,E (2718) Liaocheng 2018}) 10... Bd7 11. b3 Rfc8 {White is slightly better.} 12. h3 Rab8 13. Nxc6 $146 ({Predecessor:} 13. Rc1 a6 14. Re1 Qd8 15. Qe2 e6 16. Red1 Qe7 17. Nf3 Be8 18. e4 {0-1 (44) Bogosavljevic,B (2532)-Draskovic,L (2450) Montenegro 2017}) 13... Bxc6 14. e4 Qd8 15. Qe2 Nd7 16. Rac1 a6 17. Nd5 e6 18. Nb4 a5 19. Nxc6 bxc6 20. Rfd1 c5 21. Be3 Qc7 22. Qd2 Ne5 23. Qxd6 Qxd6 24. Rxd6 {Strongly threatening f4.} a4 25. bxa4 {Black must now prevent f4.} Rb4 26. Rcd1 (26. Ra6 $14) 26... Bf6 $11 27. Bf1 Rxa4 28. f4 Nf3+ 29. Kf2 Nd4 $1 {The position is equal.} 30. e5 Be7 31. Rd7 Rxa2+ 32. Rd2 {Accuracy: White = 60%, Black = 58%.} 1/2-1/2